MDQL
is popping MORE tags! Check the
thread
!
Quizzes
Events
Quiz Creation
Community
Videos
Private Events
Remove Ads
Sign In
Join for FREE
Feedback
Dark Mode
Quiz Categories
Sports
Geography
Music
Movies
Television
Just For Fun
Miscellaneous
History
Literature
Language
Science
Gaming
Entertainment
Religion
Holiday
For Kids
Quiz Lab
Recent
Popular Today
Quiz Kudos Today
Editor Picks
Curator Picks
Quizzes by...
Day
Popularity
Type
Ratings
Length
Year
Community
Subscriptions
Recent Discussions
Orange Saloon
Badges
Playlists
Quests
Create
Leaderboards
Showdown
Live 5
Trivia Bingo
Activity
Puzzle Library
Sporcle Events
Private Events
Virtual Trivia
Globe League
Become a Host
Pub Owners
SporcleCon
Opinionation
Our Games
Videos
Blog
Mobile Apps
Partnerships
Remove Ads and Go Orange
Feedback
Miscellaneous
Crossword
General Knowledge
Baby Names
Logo
Food
Cars
Numbers
Grab Bag
University
College
Popular
Company
Slogans
Restaurants
Justice
Letter
Miscellaneous
Crossword
General Knowledge
Baby Names
Logo
Food
Cars
Numbers
Grab Bag
University
College
Popular
Company
Slogans
Restaurants
Justice
Letter
Random Quiz
Search Sporcle
×
Quiz Lab
Quiz Lab
Miscellaneous
Town
Type in answers that appear in a list
Type in answers that appear in a list
Classic
Best Score? Go Orange.
The Town Of Bolton - The Ultimate Quiz Stats
Can you name the The Town of Bolton - The Ultimate Quiz?
By
RichardKellNo1
5m
20 Questions
416 Plays
416 Plays
416 Plays
Comments
Comments
Give Quiz Kudos
Give Quiz Kudos
-
- Ratings
hide this ad
Replay
Link that replays current quiz
Next Quiz
Link to next quiz in quiz playlist
You Got
0%
They Got
Avg Score
39%
Avg Friend Score
Upgrade to see
Score Distribution
Jump to the score distribution portion of the page
Score
0/20
Timer
05:00
0
Plays Today
Bolton Facts
Answer
% Correct
During the Industrial Revolution, Bolton was famous for what industry?
Cotton
70.2%
Which famous comedian is from the town?
Peter Kay
70.2%
How many political constituencies does Bolton have?
3
69.7%
How many miles is Bolton away from Manchester?
12
67.8%
Which national bakery was founded and is based here?
Warburtons
65.4%
Which famous man, who's interest was Steeplejack's was from this town?
Fred Dibnah
57.5%
Bolton was formed out of two seperate towns, what were they?
Great Bolton and Little Bolton
49%
Which is the best non-
private school?
Canon Slade
45.9%
In what year was Bolton Wanderers founded?
1874
45.2%
In which year, did the town have a university?
2005
41.8%
Bolton Facts
Answer
% Correct
What part of the town, is the highest point in The West Pennine Moors?
Winter Hill
39.9%
What is the road, that runs from Pendlebury to Blackburn via Bolton?
A666
37.3%
Where was Crompton's home and base?
Hall 'i th' wood
31.3%
Which are the Biggest 2 River's in the town?
River Irwell River Croal
27.9%
Which famous Viscount was from this town?
William Lever
25.7%
Which famous company use to produce missiles here?
British Aerospace
17.3%
How many people live in the Bolton Borough?
260,000
14.2%
The team was founded by Christ Church, where was that church based?
Egerton
9.6%
Where was Samuel Crompton born?
Firwood Fold
7.5%
Which place in Bolton became Millbank in Benjamin Disraeli's book Coningsby?
Barrow Bridge
6.3%
Quiz Playlist
Details
Report
Send in Message
Add To Playlist
Classic:
Type in answers that appear in a list
Last Updated: Feb 16, 2017
Quiz Scoreboard
CHALLENGE
Sign Up to Join the Scoreboard
Show All
Scores
Hide
Comments
May contain spoilers
Recently Published
5x2 Blitz: Bands
by SL_Kpop136
Music
30s
Colored Red Africa Blitz
by spor1
Geography
30s
Find the 'City' Movie
by crazypaving
Movies
60s
More to Explore
Quiz From the Vault
Featured Blog Post
14 Easter Pick-up Lines to Find Eggs With
hide this ad
You Might Also Like...
Tags
Bolton Wanderers
Manchester
Town
Town Size
Today's Top Quizzes in Miscellaneous
Browse Miscellaneous
hide this ad
Today's Top Quizzes in Town
Browse Town
Top Contributed Quizzes in Miscellaneous
1
5-to-1: Fast Food
2
9x9 Crossword: Disney Movie Titles
3
9x9 Crossword: Charlie and the Chocolate Factory
4
9x9 Crossword: Halloween
5
The JOE quick-fire general knowledge quiz: Day 174
6
Picture Click Blitz: Airline Logos
7
9x9 Crossword: 2022 Movies
8
9x9 Crossword: Toy Story
9
9x9 Crossword: The Simpsons
10
random perfect cubes 1-30
Explore More
Trending Topics
Crossword
NBA
Harry Potter
Marvel
Kpop
Anime
Disney
Puzzle
Song
Country
The Office
Pokémon
Soccer
WWE
NFL
hide this ad
More By:
RichardKellNo1
Quiz
Plays
Rating
Category
Featured
Created
The Town Of Bolton - The Ultimate Quiz
416
5.00
Miscellaneous
Nov 2, 2010
Indian Viceroys
69
3.00
History
Nov 1, 2010
Go to Creator's Profile
Score Distribution
Quiz Creator Spotlight
RichardKellNo1
Follow
Send a Message
Quizzes Created
-
Created Quiz Play Count
-
More By This Creator
Popular Quizzes Today
1
Find the 'City' Movie
2
5x2 Blitz: Bands
3
Colored Red Africa Blitz
4
Find the US States - No Outlines Minefield
5
The Countries of the World
6
Find the US States
7
9x9 Crossword: Cartoon Network
8
US States
More Miscellaneous Quizzes
2-Word Clue Crossword (28)
Quiz Lab
Trending Quizzes
Colored Red Europe Blitz I
Colored Red Africa Blitz II
Colored Red Europe Blitz III
Colored Red Europe Blitz II
Colored Red Africa Blitz III
Recently Updated
Champions League XIs: Real Madrid
pecheneg
Largest US Cities 1790-2010
pecheneg
Rides in Walt Disney World
pecheneg
Most Oscar Losses (Acting)
pecheneg
Beyoncé Albums
pecheneg
Leaping Animals
pecheneg
Reality TV Shows (A-Z)
bhenderson79
Rickey Henderson's Hall of Fame Teammates
pecheneg
Champions League XIs: Arsenal
pecheneg
Quick Pick: Celebrities in WWE's Hall of Fame
aduchscher
Trending Topics
Crossword
Kpop
Marvel
Anime
Harry Potter
NBA
Disney
Song
Country
NFL
Puzzle
WWE
Pokémon
Soccer
The Office
Your Account Isn't Verified!
In order to create a playlist on Sporcle, you need to verify the email address you used during registration. Go to your
Sporcle Settings
to finish the process.
Report this User
Report this user for behavior that violates our
Community Guidelines
.
Details:
Send Report
Go to the Sporcle.com Mobile Site →
Comments